000 00692nam a22002537a 4500
001 BR0001657
003 BR-BrBNA
005 20230928100544.0
007 ta
008 230509b bl.||||| |||| 00| 0 por d
040 _aBR-BrBNA
_bpor
_cBiblioteca Nacional de Agricultura
041 _a(Por)
072 _aP40
090 _ P40 BR0001657
110 1 _aCooperativa dos Cafeicultores de Sao Sebastiao do Paraiso Ltda., MG (Brasil)
_92871
245 1 _aChuva de granizo
260 3 _aSao Sebastiao do Paraiso, MG (Brasil):
_c1998.
300 _avp.
500 _a29 tables; 12 illus.
650 _aChuva
650 _aGranizo
909 _a202309
_bLucia
_c55
_dLucia Elande
942 _cBK
999 _c61798
_d61798